| 000 | 00000nam##2200000za#4500 |
| 001 | 9.664957 |
| 003 | CaOODSP |
| 005 | 20210518103501 |
| 007 | ta |
| 008 | 150407|2002||||xxc||||| f|0| 0 eng|d |
| 040 | |aCaOODSP|beng |
| 041 | |aeng |
| 041 | |afre |
| 043 | |an-cn--- |
| 086 | 1 |aNF2-1/2002 |
| 110 | 2 |aNational Film Board of Canada. |
| 245 | 10|aEmployment equity 2001-2002 annual report |
| 260 | |aOttawa - Ontario : |bNational Film Board of Canada |c2002. |
| 300 | |aEnglish text, 10, [8]p. : |btables ; |c28 cm. |
| 563 | |aRing binding |
| 590 | |a03-43|b2003-10-24 |
| 690 | 07|aEmployment equity|2gcpds |
| 690 | 07|aFilm industry|2gcpds |
| 792 | |tÉquité en matière d'emploi, rapport annuel, 2001-2002 |efre|w(CaOODSP)9.664958 |